00545 2200253 4500001002100000005001500021035002000036245004100056100001800097250000600115260003800121082000800159084001400167990001100181990001100192990001100203990001100214990001100225990001100236990001100247990001100258990001100269990001100280INLIS00000000000242920250604100823 a0010-06250000151 aJalan Tak Ada Ujung /cMochtar Lubis0 aMochtar Lubis a1 aJakarta :bYayasan Pustaka,c2001 a813 a813 MOC j a021900 a021901 a021902 a021903 a021904 a021905 a021906 a021907 a021908 a021909